000 00754cab a2200229 4500
001 WB2817-05
008 090401t1992 xxu||||| |||| 00| 0 eng d
035 _a(Sirsi) u47776
041 _aeng
245 _aHouses in danger of cracking up
260 _c1992
350 _a0
490 _aDaily Mail
_v22 April 1992, 22-23(2)
520 _aSubsidence is an increasing problem for buildings in the South-east, particularly in areas of clay soils which are more susceptible to seasonal movement. The cost of insurance is rising in proportion.
650 _aBRITISH GEOLOGICAL SURVEY
650 _aCLAY SOILS
650 _aCRACKS
650 _aSUBSIDENCE
690 _aBUILT ENVIRONMENT-BUILDING PATHOLOGY
942 _n0
948 _c04/03/1997
999 _c30092
_d30092